Writing lives : (Record no. 558917)
[ view plain ]
| 000 -LEADER | |
|---|---|
| fixed length control field | 01274nam a2200349 a 4500 |
| 001 - CONTROL NUMBER | |
| control field | vtls001283558 |
| 003 - CONTROL NUMBER IDENTIFIER | |
| control field | NLI |
| 005 - DATE AND TIME OF LATEST TRANSACTION | |
| control field | 20210627040936.0 |
| 008 - FIXED-LENGTH DATA ELEMENTS--GENERAL INFORMATION | |
| fixed length control field | 120417 2008 enka g 001 0ceng d |
| 020 ## - INTERNATIONAL STANDARD BOOK NUMBER | |
| International Standard Book Number | 9780199217014 |
| Terms of availability | £ 70.00 |
| 039 #9 - LEVEL OF BIBLIOGRAPHIC CONTROL AND CODING DETAIL [OBSOLETE] | |
| -- | 201204171654 |
| -- | tarapadan |
| 040 ## - CATALOGING SOURCE | |
| Original cataloging agency | NLI |
| Language of cataloging | eng |
| 041 ## - LANGUAGE CODE | |
| Language code of text/sound track or separate title | eng |
| 044 ## - COUNTRY OF PUBLISHING/PRODUCING ENTITY CODE | |
| MARC country code | enk |
| 082 04 - DEWEY DECIMAL CLASSIFICATION NUMBER | |
| Classification number | 942.050722 |
| Edition number | 22 |
| 245 00 - TITLE STATEMENT | |
| Title | Writing lives : |
| Remainder of title | biography and textuality, identity and representation in early modern England / |
| Statement of responsibility, etc. | [edited by] Kevin Sharpe and Steven N. Zwicker |
| 260 ## - PUBLICATION, DISTRIBUTION, ETC. | |
| Place of publication, distribution, etc. | Oxford: |
| Name of publisher, distributor, etc. | The University Press, |
| Date of publication, distribution, etc. | 2008 |
| 300 ## - PHYSICAL DESCRIPTION | |
| Extent | xii, 369 p. : |
| Other physical details | ill. ; |
| Dimensions | 23 cm. |
| 504 ## - BIBLIOGRAPHY, ETC. NOTE | |
| Bibliography, etc. note | Includes bibliographical references and index |
| 650 #0 - SUBJECT ADDED ENTRY--TOPICAL TERM | |
| Topical term or geographic name entry element | Renaissance |
| General subdivision | Biography |
| -- | History and criticism |
| 9 (RLIN) | 680871 |
| 651 #0 - SUBJECT ADDED ENTRY--GEOGRAPHIC NAME | |
| Geographic name | England |
| Form subdivision | Biography |
| General subdivision | History and criticism |
| 9 (RLIN) | 680872 |
| 700 1# - ADDED ENTRY--PERSONAL NAME | |
| Personal name | Sharpe, Kevin, |
| Relationship | edt |
| 9 (RLIN) | 680873 |
| 700 1# - ADDED ENTRY--PERSONAL NAME | |
| Personal name | Zwicker, Steven N., |
| Relationship | edt |
| 9 (RLIN) | 680874 |
| 887 ## - NON-MARC INFORMATION FIELD | |
| Content of non-MARC field | Tarapada Naskar |
| 901 ## - LOCAL DATA ELEMENT A, LDA (RLIN) | |
| a | 566926 : |
| b | 03.2.2012 |
| 902 ## - LOCAL DATA ELEMENT B, LDB (RLIN) | |
| a | E 942.050722 W 939 |
| 904 ## - LOCAL DATA ELEMENT D, LDD (RLIN) | |
| a | Tarapada Naskar |
| 949 ## - LOCAL PROCESSING INFORMATION (OCLC) | |
| -- | VIRTUAITEM |
| -- | 10012 |
| -- | 100 |
| 6 | PUR000566926ENG |
| 942 ## - ADDED ENTRY ELEMENTS (KOHA) | |
| Source of classification or shelving scheme | Dewey Decimal Classification |
| Koha item type | Books |
| Withdrawn status | Lost status | Damaged status | Not for loan | Collection code | Home library | Current library | Shelving location | Date acquired | Total Checkouts | Full call number | Barcode | Date last seen | Price effective from | Koha item type |
|---|---|---|---|---|---|---|---|---|---|---|---|---|---|---|
| New English | National Library of India | National Library of India | New English - Main Stack Division | E 942.050722 W 939 | PUR000566926ENG | 27/06/2021 | 27/06/2021 | Books |
